Rojo - J Balvin - Estadísticas

Estadísticas generales
  • Esta prueba ha sido intentada 42 veces
  • La puntuación promedio es 252 de 305
Estadísticas de respuestas
Letra % Correcto
A
94%
a
94%
dan
94%
de
94%
decido
94%
ganas
94%
hora
94%
la
94%
me
94%
Me
94%
mi
94%
Mi
94%
misma
94%
Por
94%
por
94%
se
94%
ti
94%
tu
94%
94%
decides
88%
en
88%
si
88%
sin
88%
te
88%
Te
88%
aquí
81%
es
81%
ha
81%
lo
81%
Lo
81%
quiero
81%
y
81%
Y
81%
cama
75%
das
75%
le
75%
que
75%
Que
75%
quien
75%
soledad
75%
con
69%
doy
69%
llega
69%
mañana
69%
mata
69%
mientes
69%
nadie
69%
no
69%
Pero
69%
pirata
69%
sentir
69%
tesoro
69%
el
63%
ese
63%
horas
63%
llama
63%
llamar
63%
quieres
63%
sabe
63%
siempre
63%
son
63%
vida
63%
alejarnos
56%
cuando
56%
cuatro
56%
cuerpo
56%
hasta
56%
plata
56%
tiene
56%
Tres
56%
Yo
56%
deseo
50%
estas
50%
otra
50%
pelearnos
50%
Podemos
50%
respondo
50%
sido
50%
todo
50%
Todo
50%
Tratan
50%
verme
50%
vez
50%
caen
44%
comprarte
44%
he
44%
mas
44%
Quieren
44%
saber
44%
toda
44%
Ven
44%
voy
44%
Vamos
38%
ignorado
31%
puede
31%
llegarle
19%
No se encontraron pruebas coincidentes
Distribución de puntuación
Porcentaje de gente con cada puntuación
Porcentaje por número respondido
Historial de tus puntuaciones
No has intentado esta prueba.